[Event "Wch U18 Girls"]
[Site "Maribor"]
[Date "2012.11.18"]
[Round "11.27"]
[White "Raja, Bhuvaneshwari"]
[Black "Morales Flores, Monserrat"]
[Result "1-0"]
[WhiteElo "1717"]
[BlackElo "1881"]
[PlyCount "99"]
[EventDate "2012.11.08"]
[EventType "swiss"]
[EventRounds "11"]
[EventCountry "SLO"]
[SourceTitle "EXT 2013"]
[Source "ChessBase"]
[SourceDate "2012.11.22"]
[SourceVersion "1"]
[SourceVersionDate "2012.11.22"]
[SourceQuality "1"]

1. c4 Nf6 2. Nc3 g6 3. g3 Bg7 4. Bg2 d6 5. Nf3 0-0 6. 0-0 Nbd7 7. Rb1 e5 8. d3 c6 9. b4 d5 10. Bg5 Qe8 11. Bxf6 Nxf6 12. Nd2 Be6 13. b5 Qc8 14. Re1 Rd8 15. Qa4 e4 16. bxc6 bxc6 17. dxe4 d4 18. Nd1 Nd7 19. Nb2 Nb6 20. Qc2 Qa6 21. c5 Nd7 22. a4 Bh6 23. f4 Bg4 24. Nf3 Bf8 25. Nd3 Nf6 26. Nde5 Rac8 27. Ng5 Be6 28. Nxe6 fxe6 29. Bh3 Re8 30. Red1 Qa5 31. Qc4 Qxc5 32. Bxe6+ Kg7 33. Bxc8 Rxe5 34. Rb7+ Kh6 35. Qxc5 Rxc5 36. e5 Nd5 37. e6 Rc2 38. Kf2 Bc5 39. Kf3 Rc3+ 40. Rd3 Rc1 41. Bd7 Ne7 42. Be8 Rc4 43. Rc7 Rxa4 44. Bxc6 Rc4 45. Bb7 a5 46. g4 Kg7 47. h3 Kf6 48. Ke4 Kxe6 49. Bd5+ Nxd5 50. Rc6+ 1-0

[Event "Wch U18 Girls"]
[Site "Maribor"]
[Date "2012.11.14"]
[Round "7.13"]
[White "Raja, Bhuvaneshwari"]
[Black "Klek, Hanna Marie"]
[Result "0-1"]
[WhiteElo "1717"]
[BlackElo "2254"]
[PlyCount "96"]
[EventDate "2012.11.08"]
[EventType "swiss"]
[EventRounds "11"]
[EventCountry "SLO"]
[SourceTitle "EXT 2013"]
[Source "ChessBase"]
[SourceDate "2012.11.22"]
[SourceVersion "1"]
[SourceVersionDate "2012.11.22"]
[SourceQuality "1"]

1. c4 e5 2. Nc3 Nc6 3. g3 f5 4. Bg2 Nf6 5. a3 Be7 6. d3 0-0 7. Nf3 d6 8. 0-0 Qe8 9. Bg5 Ng4 10. Bxe7 Nxe7 11. h3 Nf6 12. Nb5 Qd8 13. Qc2 c6 14. Nc3 f4 15. c5 fxg3 16. cxd6 gxf2+ 17. Rxf2 Qxd6 18. Ng5 Be6 19. Raf1 Ng6 20. Be4 Nf4 21. Kh2 h6 22. Nxe6 Qxe6 23. Rf3 Nxe4 24. Nxe4 b6 25. Rg1 Nd5 26. Rfg3 Rf7 27. Rg6 Nf6 28. Nxf6+ Rxf6 29. Rxg7+ Kh8 30. e3 Raf8 31. R1g2 Rf3 32. R7g3 c5 33. Qc3 Rxg3 34. Rxg3 Kh7 35. Qc2 e4 36. dxe4 Qe5 37. Kg2 b5 38. Rg4 c4 39. Qd2 Qf6 40. Rf4 Qg5+ 41. Kf3 Rd8 42. Qc3 Qh5+ 43. Kf2 Rd7 44. h4 Qd1 45. Rf5 Qh1 46. h5 Qxe4 47. Qf6 Rd2+ 48. Kg3 Rg2+ 0-1

[Event "Wch U18 Girls"]
[Site "Maribor"]
[Date "2012.11.08"]
[Round "1.25"]
[White "Raja, Bhuvaneshwari"]
[Black "Qiu, Mengjie"]
[Result "0-1"]
[WhiteElo "1717"]
[BlackElo "2069"]
[PlyCount "66"]
[EventDate "2012.11.08"]
[EventType "swiss"]
[EventRounds "11"]
[EventCountry "SLO"]
[SourceTitle "EXT 2013"]
[Source "ChessBase"]
[SourceDate "2012.11.22"]
[SourceVersion "1"]
[SourceVersionDate "2012.11.22"]
[SourceQuality "1"]

1. d4 Nf6 2. Nc3 d5 3. Bg5 Bf5 4. Nf3 h6 5. Bh4 e6 6. e3 Be7 7. Bd3 Bxd3 8. cxd3 0-0 9. 0-0 Nbd7 10. Rc1 c5 11. e4 cxd4 12. Nxd4 Qb6 13. Nb3 Rac8 14. exd5 exd5 15. Qf3 Rfd8 16. Rfd1 Qb4 17. d4 a5 18. Qe2 Re8 19. Qb5 g5 20. Bg3 b6 21. h3 Qxb5 22. Nxb5 Rxc1 23. Rxc1 a4 24. Nd2 Bb4 25. Nf3 Re2 26. a3 Ba5 27. Rb1 Ne4 28. b4 axb3 29. Rxb3 f5 30. Kf1 Rc2 31. Nd6 f4 32. Nxe4 dxe4 33. Bxf4 gxf4 0-1